00463nam a2200193Ia 450000500170000000800460001702000180006303700100008104000080009104000080009904000080010704100080011504100080012308400080013110000100013924500510014926000080020085600610020820260123164123.0008 260114s9999 xx 000 0 eng d a9789390464531 aEBOOK aCRL beng cCRL 2eng aeng qCRL aGupta 0aFinancial derivatives: theory, concepts&pro 2e bPHI uhttps://elibrary.phindia.com/ebooks/reader/9789390464531